00862nam a2200217 a 4500001001000000003000500010005001700015008004100032010001100073011001100084040000900095100003100104245017700135260004100312500006000353502006900413650002400482650003900506650002900545856007000574000112243CHAP20220329144252.0160119s2015 mx sm |||||||spa d a108704 a109676 cCHAP1 aMatus Osorio, Juana Inés10aPatogenecidad de funsarium sp. en tres especies de pino (pinus pseudotrobus, p. greggii y p. moctezumea) en un vivero forestalh[En línea]cpor Juana Inés Matus Osorio. aChapingo, Méx. :bEl autor,c2015. aPara ver el contenido del material haga clic en la liga aTesis (Ing. Forestal) -- UACH. División de Ciencias Forestales14aHongos patógenos.14aSemillasxEnfermedades por hongos.14aSemillasxGerminación. aFinding aiduhttp://10.13.5.2/tesis/sist112243.pdfzTeclea aquí